Industrial engineer IE.

"Engineering & management solutions at work."

Bibliographic Details
Previous Title:IIE solutions
Corporate Author: Institute of Industrial Engineers (1981- )
Format: Electronic Journal
Language:English
Published: Norcross, GA : Institute of Industrial Engineers
Subjects:
Online Access:Full text available from Research Library: 01/01/2003 to present

MARC

LEADER 00000nas a22000007a 4500
001 ssj0020250
003 WaSeSS
005 20200512172242.0
006 m d
007 cr n
008 050615c20039999gaumr p s 0 a0eng
010 |a  2012200616 
022 |a 2168-9210  |y 1542-894X 
035 |a (WaSeSS)ssj0020250 
040 |a OCLCS  |b eng  |c OCLCS  |d OCLCQ  |d DLC  |d OCLCQ  |d OCLCF  |d OCLCO  |d VT2  |d OCLCQ  |d WaSeSS 
042 |a pcc  |a nsdp 
050 4 |a T55.4  |b .I2 
082 1 0 |a 670  |2 14 
130 0 |a Industrial engineer (Norcross, Ga. : Online) 
210 0 |a Ind. eng.  |b (Norcross Ga. Online) 
222 0 |a Industrial engineer  |b (Norcross, Ga. Online) 
245 1 0 |a Industrial engineer  |h [electronic resource] :  |b IE. 
246 3 0 |a IE 
260 |a Norcross, GA :  |b Institute of Industrial Engineers 
310 |a Monthly 
362 1 |a Print began with v. 35, no. 1 (Jan. 2003). 
506 |a License restrictions may limit access. 
520 |a "Engineering & management solutions at work." 
538 |a Mode of access: World Wide Web. 
588 |a Description based on print version record. 
588 |a Latest issue consulted: Vol. 44, no. 8 (Aug. 2012); title from banner (IIENet2.org, viewed Jul. 25, 2012). 
650 0 |a Industrial engineering  |v Periodicals. 
650 7 |a Industrial engineering.  |2 fast  |0 (OCoLC)fst00970992 
655 0 |a Electronic journals. 
710 2 |a Institute of Industrial Engineers (1981- ) 
776 0 8 |i Print version:  |t Industrial engineer (Norcross, Ga.)  |x 1542-894X  |w (DLC) 2002213084  |w (OCoLC)51220284 
780 0 0 |t IIE solutions 
856 4 0 |z Full text available from Research Library: 01/01/2003 to present  |u https://search.proquest.com/publication/43876